Statystyki dla Flagi, które nigdy nie były w użyciu. Część Druga

Kliknij tutaj aby rozwiązać quiz!

Ogólne statystyki

  • Ten quiz został rozwiązany 239 razy
  • Średni wynik to 4 z 12

Statystyki odpowiedzi

Odpowiedź% Poprawnych
Kanada
94%
Urugwaj
88%
Chiny
87%
Mongolia
47%
Francja
39%
Niemcy
23%
Demokratyczna Republika Konga
21%
Białoruś
18%
Haiti
8%
Nowa Zelandia
5%
Afganistan
1%
Cypr
1%

Rozkład punktacji

Percentyl według liczby udzielonych odpowiedzi

Procent ludzi z każdym wynikiem

Twoja historia wyników

Nie rozwiązałeś tego quizu